| 000 | 00582nam a22001577a 4500 | ||
|---|---|---|---|
| 003 | OSt | ||
| 005 | 20151214143648.0 | ||
| 008 | 151214b xxu||||| |||| 00| 0 eng d | ||
| 040 | _cRUA | ||
| 082 | _aFIS CHA 2001 B192 Or.1 | ||
| 100 |
_94841 _aCHAO, SINH. |
||
| 245 | _aStudy on efficiency of different grading methods, ការសិក្សាអំពិប្រសិទ្ធភាពនៃវិធីផ្សេងៗក្នុងការញែកគ្រាប់ស្រូវ | ||
| 260 |
_aPhnom Penh _bRUA _c2001 |
||
| 300 |
_a40p. _bill. _c29cm. |
||
| 942 |
_2ddc _cFIS |
||
| 999 |
_c4502 _d4502 |
||